[Event "Montreal Mercredi 01"]
[Site "Montreal"]
[Date "2019.01.09"]
[Round "1"]
[White "Zheng, Richard"]
[Black "Have, Didier"]
[Result "1-0"]
[WhiteElo "2073"]
[BlackElo "2100"]
[PlyCount "81"]
[EventDate "2019.01.09"]
[EventType "swiss"]
[EventRounds "5"]
[EventCountry "CAN"]
[SourceTitle "EXT 2022"]
[Source "ChessBase"]
[SourceDate "2021.10.06"]
[SourceVersion "1"]
[SourceVersionDate "2021.10.06"]
[SourceQuality "1"]

1. d4 d6 2. e4 Nf6 3. Bd3 e5 4. Ne2 Nc6 5. d5 Ne7 6. c4 h6 7. Nbc3 Bd7 8. f3 Ng6 9. Be3 Be7 10. Qd2 Nh4 11. Ng1 c6 12. g3 Ng6 13. 0-0-0 cxd5 14. exd5 Rc8 15. Bxa7 Qa5 16. Be3 e4 17. Be2 b5 18. Kb1 exf3 19. Nxf3 b4 20. Nb5 Bf5+ 21. Bd3 Bxd3+ 22. Qxd3 0-0 23. Nbd4 Ng4 24. Nc6 Rxc6 25. dxc6 Ra8 26. Bd4 Qxa2+ 27. Kc1 N6e5 28. Bxe5 dxe5 29. Rd2 e4 30. Qxe4 Bf6 31. c7 Ne3 32. Qxe3 Qa1+ 33. Kc2 Qxb2+ 34. Kd3 Ra3+ 35. Ke2 Rxe3+ 36. Kxe3 Qa3+ 37. Ke2 Qa8 38. Rhd1 Qe4+ 39. Kf2 Qxc4 40. Rd8+ Kh7 41. c8Q 1-0

[Event "Montreal Mercredi 08"]
[Site "Montreal"]
[Date "2017.09.27"]
[Round "5"]
[White "Have, Didier"]
[Black "Pomerantz, Daniel"]
[Result "0-1"]
[WhiteElo "1959"]
[BlackElo "1978"]
[PlyCount "58"]
[EventDate "2017.08.30"]
[EventType "swiss"]
[EventRounds "5"]
[EventCountry "CAN"]
[SourceTitle "EXT 2022"]
[Source "ChessBase"]
[SourceDate "2021.10.06"]
[SourceVersion "1"]
[SourceVersionDate "2021.10.06"]
[SourceQuality "1"]

1. d4 Nf6 2. Bf4 e6 3. e3 b6 4. Nf3 c5 5. Nbd2 Bb7 6. Nc4 cxd4 7. exd4 d6 8. Bd3 Be7 9. c3 0-0 10. Qe2 Re8 11. 0-0-0 b5 12. Ncd2 a6 13. Ng5 Nbd7 14. h4 Nf8 15. Rh3 Bd5 16. Kb1 Qa5 17. a3 Qb6 18. Rg3 Reb8 19. Nde4 a5 20. Nxf6+ Bxf6 21. Bxh7+ Nxh7 22. Qh5 Bxg5 23. Bxg5 b4 24. Bh6 Be4+ 25. Kc1 g6 26. axb4 axb4 27. Kd2 Ra2 28. Ke3 bxc3 29. Kxe4 Nf6+ 0-1

[Event "Montreal Mercredi 08"]
[Site "Montreal"]
[Date "2017.08.30"]
[Round "1"]
[White "Lebeau, Gilbert"]
[Black "Have, Didier"]
[Result "1-0"]
[WhiteElo "2049"]
[BlackElo "1959"]
[PlyCount "53"]
[EventDate "2017.08.30"]
[EventType "swiss"]
[EventRounds "5"]
[EventCountry "CAN"]
[SourceTitle "EXT 2022"]
[Source "ChessBase"]
[SourceDate "2021.10.06"]
[SourceVersion "1"]
[SourceVersionDate "2021.10.06"]
[SourceQuality "1"]

1. d4 d6 2. Nf3 f5 3. Bg5 h6 4. Bf4 g5 5. Bd2 e5 6. e4 g4 7. dxe5 fxe4 8. Nd4 dxe5 9. Nb3 Nf6 10. Nc3 Bf5 11. Qe2 c6 12. 0-0-0 Qc7 13. h3 Nbd7 14. hxg4 Bxg4 15. f3 exf3 16. gxf3 Bf5 17. Rh4 0-0-0 18. Be3 b6 19. Qh2 h5 20. Ba6+ Kb8 21. a4 Bh6 22. Bxh6 Rxh6 23. Rc4 Be6 24. Nb5 cxb5 25. Rxc7 Kxc7 26. Qd2 Rhh8 27. Qd6# 1-0

[Event "Montreal Mercredi 01"]
[Site "Montreal"]
[Date "2016.02.03"]
[Round "5"]
[White "Pomerantz, Daniel"]
[Black "Have, Didier"]
[Result "0-1"]
[WhiteElo "2024"]
[BlackElo "2050"]
[PlyCount "102"]
[EventDate "2016.01.06"]
[EventType "swiss"]
[EventRounds "5"]
[EventCountry "CAN"]
[SourceTitle "EXT 2022"]
[Source "ChessBase"]
[SourceDate "2021.10.06"]
[SourceVersion "1"]
[SourceVersionDate "2021.10.06"]
[SourceQuality "1"]

1. e4 d5 2. exd5 Nf6 3. d4 Bg4 4. Be2 Bxe2 5. Qxe2 Qxd5 6. Nf3 e6 7. 0-0 Nc6 8. c4 Nxd4 9. Nxd4 Qxd4 10. Nc3 c6 11. Be3 Qg4 12. f3 Qf5 13. Rad1 Bc5 14. Qf2 Bxe3 15. Qxe3 0-0 16. Rd2 Qa5 17. Rfd1 Qb6 18. Qxb6 axb6 19. a3 Ra5 20. Rd8 Ra8 21. R8d4 Ra5 22. Rd8 g6 23. Kf2 Kg7 24. Rxf8 Kxf8 25. Rd8+ Ke7 26. Rb8 Ra7 27. g4 Nd7 28. Rh8 Ne5 29. Rxh7 Nxc4 30. Nd1 Ra5 31. Rh8 Rb5 32. Rb8 Nxb2 33. Rxb7+ Kf6 34. Nc3 Rb3 35. Ne4+ Ke5 36. Rxf7 Rxa3 37. Rg7 Nd3+ 38. Kg3 b5 39. Rxg6 b4 40. Rg5+ Kd4 41. h4 b3 42. h5 Ke3 43. Nc3 Ra8 44. h6 Kd2 45. Na4 Rxa4 46. h7 b2 47. h8Q b1Q 48. Qh2+ Ke3 49. Kh4 Ra2 50. Qh3 Qe1+ 51. Kh5 Nf4+ 0-1

[Event "Montreal Mercredi 10"]
[Site "Montreal"]
[Date "2015.11.04"]
[Round "4"]
[White "Have, Didier"]
[Black "Giroux, Robert"]
[Result "1-0"]
[WhiteElo "2039"]
[BlackElo "2015"]
[PlyCount "31"]
[EventDate "2015.10.14"]
[EventType "swiss"]
[EventRounds "5"]
[EventCountry "CAN"]
[SourceTitle "EXT 2022"]
[Source "ChessBase"]
[SourceDate "2021.10.06"]
[SourceVersion "1"]
[SourceVersionDate "2021.10.06"]
[SourceQuality "1"]

1. e4 e5 2. Nc3 Nf6 3. Bc4 Nc6 4. d3 Na5 5. Nf3 Nxc4 6. dxc4 Bb4 7. Qd3 0-0 8. Bd2 Re8 9. 0-0-0 d6 10. Nh4 Ng4 11. Qg3 Bc5 12. Rhf1 g5 13. Nf5 Bxf5 14. exf5 Nf6 15. Bxg5 Kh8 16. Qh4 1-0

[Event "Montreal Mercredi 04"]
[Site "Montreal"]
[Date "2015.04.22"]
[Round "4"]
[White "Have, Didier"]
[Black "Nunez, Omar"]
[Result "1-0"]
[WhiteElo "1922"]
[BlackElo "1920"]
[PlyCount "99"]
[EventDate "2015.04.01"]
[EventType "swiss"]
[EventRounds "5"]
[EventCountry "CAN"]
[SourceTitle "EXT 2022"]
[Source "ChessBase"]
[SourceDate "2021.10.06"]
[SourceVersion "1"]
[SourceVersionDate "2021.10.06"]
[SourceQuality "1"]

1. e4 d5 2. exd5 Qxd5 3. Nc3 Qa5 4. Bc4 Nf6 5. h3 Nc6 6. Nf3 a6 7. d3 Qh5 8. Bf4 Bg4 9. Nd5 Nxd5 10. Bxd5 Qxd5 11. hxg4 0-0-0 12. Qe2 e5 13. Bd2 f6 14. Qe4 Bc5 15. Qxd5 Rxd5 16. Be3 g6 17. 0-0-0 Be7 18. Rh6 f5 19. gxf5 gxf5 20. g3 e4 21. dxe4 Rxd1+ 22. Kxd1 fxe4 23. Nd2 Bf8 24. Rh4 Bg7 25. c3 h5 26. Nxe4 Ne5 27. Bd4 Nf3 28. Bxg7 Rd8+ 29. Bd4 Nxh4 30. gxh4 Kd7 31. Ke2 b6 32. Nf6+ Ke6 33. Nxh5 c5 34. Be3 Rh8 35. Nf4+ Kf5 36. h5 c4 37. Kf3 b5 38. Bd4 Rh7 39. Kg3 a5 40. Be3 b4 41. Kh4 b3 42. a3 Rd7 43. h6 Rh7 44. Kh5 a4 45. Nh3 Rd7 46. Bd4 Rxd4 47. cxd4 c3 48. h7 c2 49. h8Q c1Q 50. Qe5# 1-0